[Event "British Columbia-ch"]
[Site "Burnaby CAN"]
[Date "2011.10.09"]
[Round "4.1"]
[White "Laceste, Loren"]
[Black "Doroshenko, Maxim"]
[Result "0-1"]
[WhiteElo "2158"]
[BlackElo "2542"]
[PlyCount "142"]
[GameId "2160767909648057"]
[EventDate "2011.10.07"]
[EventType "tourn"]
[EventRounds "7"]
[EventCountry "CAN"]
[SourceTitle "EXT 2022"]
[Source "ChessBase"]
[SourceDate "2021.10.06"]
[SourceVersion "1"]
[SourceVersionDate "2021.10.06"]
[SourceQuality "1"]

1. d4 Nf6 2. Nf3 e6 3. c4 b6 4. g3 Bb7 5. Bg2 Bb4+ 6. Nbd2 O-O 7. O-O a5 8. Qc2 Nc6 9. a3 Bd6 10. b3 e5 11. c5 bxc5 12. dxc5 Be7 13. Bb2 d6 14. Rfd1 Ra6 15. Nc4 Qb8 16. e4 Nd8 17. Nfd2 Ne6 18. cxd6 cxd6 19. Bc3 Rc8 20. Qb2 Nc5 21. Qc2 a4 22. bxa4 Nxa4 23. Bb4 Qa8 24. Re1 Qa7 25. Qd3 Nc5 26. Qb1 Ba8 27. Ra2 h5 28. Ne3 Ne6 29. Bh3 Rb8 30. Bxe6 fxe6 31. Rb2 Rf8 32. h3 Qd4 33. Nf3 Qxe4 34. Qxe4 Nxe4 35. Nh4 Kh7 36. Rd1 Bxh4 37. gxh4 Rf3 38. Ng2 Rxh3 39. Rc2 Bd5 40. Re1 Nf6 41. Re3 Bxg2 42. Kxg2 Rxe3 43. fxe3 Nd5 44. Kf3 Nxb4 45. axb4 Rb6 46. Rb2 d5 47. e4 Rb5 48. Ke3 Kg6 49. Kd3 Rb7 50. b5 Kf6 51. Kc3 g5 52. Rf2+ Kg6 53. Rg2 g4 54. Kb4 dxe4 55. Kc5 e3 56. Re2 Kf5 57. Rxe3 Kf4 58. Re1 g3 59. Kc6 Rb8 60. b6 g2 61. Kc7 Rxb6 62. Kxb6 Kf3 63. Kc6 Kf2 64. Rxe5 g1=Q 65. Rxh5 Qc1+ 66. Rc5 Qe3 67. h5 e5 68. Kd6 e4 69. Rf5+ Ke2 70. Ke5 Kd3 71. Kf6 Qh6+ 0-1

[Event "British Columbia-ch"]
[Site "Burnaby CAN"]
[Date "2011.10.09"]
[Round "4.2"]
[White "McLaren, Brian"]
[Black "Sohal, Tanraj"]
[Result "0-1"]
[WhiteElo "2186"]
[BlackElo "2186"]
[PlyCount "142"]
[GameId "2160767909648058"]
[EventDate "2011.10.07"]
[EventType "tourn"]
[EventRounds "7"]
[EventCountry "CAN"]
[SourceTitle "EXT 2022"]
[Source "ChessBase"]
[SourceDate "2021.10.06"]
[SourceVersion "1"]
[SourceVersionDate "2021.10.06"]
[SourceQuality "1"]

1. e4 c5 2. Nc3 Nc6 3. g3 g6 4. Bg2 Bg7 5. d3 Rb8 6. Nh3 d6 7. f4 h5 8. Nf2 Nh6 9. h3 h4 10. g4 f6 11. Be3 Nf7 12. Qd2 Nd4 13. Ncd1 g5 14. f5 Ne5 15. Qc1 Bd7 16. c3 Rc8 17. Qb1 Ndc6 18. b3 O-O 19. O-O Nf7 20. Bd2 b5 21. a3 c4 22. bxc4 bxc4 23. d4 Na5 24. Ne3 Rb8 25. Qd1 Nb3 26. Ra2 Ba4 27. Re1 Nc5 28. Qf3 Bb3 29. Raa1 Na4 30. Bf1 Nb6 31. Nfd1 Qd7 32. Nb2 Rbc8 33. Be2 Rfd8 34. Qf1 Qc7 35. Rec1 d5 36. exd5 Nxd5 37. Nxd5 Rxd5 38. Bf3 Qg3+ 39. Qg2 Qxg2+ 40. Kxg2 Ra5 41. Re1 Bf8 42. Nd1 Nd6 43. Ne3 Ba4 44. Nd5 Kf7 45. Nb4 Bd7 46. Bd5+ Rxd5 47. Nxd5 Bc6 48. Kf1 Bxd5 49. Rab1 Ne4 50. Ke2 e6 51. fxe6+ Kxe6 52. Kd1 Kd7 53. Rf1 Bd6 54. Rb5 Kc6 55. a4 a6 56. Rb2 Re8 57. Be1 Bf4 58. Rg1 Ng3 59. Bf2 Bf3+ 60. Kc2 Be4+ 61. Kd1 Bd3 62. Be1 Nf1 63. Bf2 Ne3+ 64. Bxe3 Rxe3 65. Re1 Rxh3 66. a5 Kd5 67. Rb7 Rh2 68. Ree7 Rh1+ 69. Re1 Rxe1+ 70. Kxe1 Bg3+ 71. Kd2 h3 0-1

[Event "British Columbia-ch"]
[Site "Burnaby CAN"]
[Date "2011.10.09"]
[Round "4.3"]
[White "Pechisker, Alfred"]
[Black "Yoos, John"]
[Result "1-0"]
[WhiteElo "2293"]
[BlackElo "2417"]
[PlyCount "155"]
[GameId "2160767909648059"]
[EventDate "2011.10.07"]
[EventType "tourn"]
[EventRounds "7"]
[EventCountry "CAN"]
[SourceTitle "EXT 2022"]
[Source "ChessBase"]
[SourceDate "2021.10.06"]
[SourceVersion "1"]
[SourceVersionDate "2021.10.06"]
[SourceQuality "1"]

1. d4 Nf6 2. c4 g6 3. Nc3 Bg7 4. e4 d6 5. f3 O-O 6. Bg5 Nc6 7. Nge2 a6 8. d5 Na5 9. Nd4 c5 10. Nc2 Rb8 11. Qd2 Bd7 12. Bh6 Bxh6 13. Qxh6 b5 14. b3 bxc4 15. bxc4 e5 16. Bd3 Nh5 17. g3 Bh3 18. Ke2 Bd7 19. Rab1 Qc7 20. Kd2 Rfc8 21. f4 exf4 22. gxf4 Qd8 23. Qg5 f6 24. Qh4 f5 25. Qf2 fxe4 26. Nxe4 Bf5 27. Ng3 Bxd3 28. Kxd3 Qh4 29. Rbf1 Rf8 30. Nxh5 Qxh5 31. Ne3 Qh3 32. Rhg1 Rfe8 33. Rg3 Qd7 34. f5 Qe7 35. Qf4 Rf8 36. f6 Qe5 37. Qxe5 dxe5 38. Rg5 Rb6 39. Ng4 e4+ 40. Kc3 Nb7 41. h4 Kh8 42. h5 gxh5 43. Rxh5 Nd8 44. Re5 Nf7 45. Rxe4 Rb4 46. Re6 Ra4 47. Rf2 Ra3+ 48. Kb2 Ra4 49. Kb3 Rb4+ 50. Kc3 Rb1 51. Ne3 Ng5 52. Re7 Rb6 53. Ng4 Rb1 54. Rf4 Nf7 55. Re6 Rc1+ 56. Kd2 Rb1 57. Rxa6 h5 58. Ne3 Kh7 59. a4 Kg6 60. Rc6 Rh8 61. Rxc5 h4 62. Rg4+ Kxf6 63. Rc6+ Ke7 64. Nf5+ Kd8 65. Rxh4 Rg8 66. Rh7 Ng5 67. Rd6+ Kc8 68. Ne7+ Kc7 69. Rc6+ Kb8 70. Nxg8 Nxh7 71. a5 Ra1 72. a6 Ng5 73. Nf6 Ra3 74. d6 Nf3+ 75. Kc1 Ne5 76. Rb6+ Ka7 77. d7 Rd3 78. Nd5 1-0

[Event "British Columbia-ch"]
[Site "Burnaby CAN"]
[Date "2011.10.09"]
[Round "4.4"]
[White "Doknjas, John"]
[Black "Gansvind, Valeriya"]
[Result "0-1"]
[WhiteElo "2075"]
[BlackElo "2308"]
[PlyCount "86"]
[GameId "2160767909648060"]
[EventDate "2011.10.07"]
[EventType "tourn"]
[EventRounds "7"]
[EventCountry "CAN"]
[SourceTitle "EXT 2022"]
[Source "ChessBase"]
[SourceDate "2021.10.06"]
[SourceVersion "1"]
[SourceVersionDate "2021.10.06"]
[SourceQuality "1"]

1. d4 g6 2. c4 Bg7 3. e4 d6 4. Nc3 e5 5. Be3 Nc6 6. d5 Nce7 7. Qd2 f5 8. f3 Nf6 9. h3 f4 10. Bf2 b6 11. O-O-O g5 12. Kb1 Ng6 13. Nge2 h5 14. Nc1 a5 15. b3 Kf7 16. a3 Bf8 17. b4 axb4 18. axb4 Be7 19. Nb3 Bd7 20. Kb2 g4 21. hxg4 hxg4 22. Rxh8 Qxh8 23. Bd3 Qh2 24. Bg1 Qh5 25. Be2 Nh4 26. fxg4 Bxg4 27. Bxg4 Qxg4 28. c5 bxc5 29. bxc5 Qxg2 30. Qxg2 Nxg2 31. c6 Nh4 32. Nd2 Ng4 33. Rf1 Kg6 34. Bf2 Nxf2 35. Rxf2 Kh5 36. Kc2 Kg4 37. Rf1 Ng2 38. Rb1 f3 39. Rb7 Bd8 40. Nb5 Ra2+ 41. Kd1 Ne3+ 42. Kc1 Rc2+ 43. Kb1 Rxd2 0-1

[Event "British Columbia-ch"]
[Site "Burnaby CAN"]
[Date "2011.10.09"]
[Round "5.1"]
[White "Gansvind, Valeriya"]
[Black "Laceste, Loren"]
[Result "0-1"]
[WhiteElo "2308"]
[BlackElo "2158"]
[PlyCount "192"]
[GameId "2160767909648061"]
[EventDate "2011.10.07"]
[EventType "tourn"]
[EventRounds "7"]
[EventCountry "CAN"]
[SourceTitle "EXT 2022"]
[Source "ChessBase"]
[SourceDate "2021.10.06"]
[SourceVersion "1"]
[SourceVersionDate "2021.10.06"]
[SourceQuality "1"]

1. d4 d5 2. c4 c6 3. Nc3 Nf6 4. cxd5 cxd5 5. Bf4 Nc6 6. Nf3 a6 7. h3 Bf5 8. e3 Qb6 9. Qd2 e6 10. Ne5 Ne4 11. Nxe4 Bxe4 12. Nxc6 bxc6 13. a3 a5 14. f3 Bg6 15. Be2 Be7 16. O-O c5 17. Bd1 O-O 18. Ba4 Ra7 19. Rac1 c4 20. Rf2 Bd6 21. Bxd6 Qxd6 22. Qc3 h6 23. Rd1 Rb8 24. Rdd2 Ra6 25. Rfe2 Rab6 26. e4 Ra6 27. Rd1 Rab6 28. Rde1 Kh7 29. Rf2 Qf4 30. Bd1 Qh4 31. Re3 Kg8 32. Ba4 Qf4 33. Re1 Qh4 34. Re3 Rd6 35. Rd2 Qf4 36. Ree2 dxe4 37. fxe4 Bxe4 38. Rf2 Qg5 39. Qxc4 Rbd8 40. Qc3 Bg6 41. Rfe2 Rd5 42. Bb3 R5d6 43. Ba4 Qf4 44. Qxa5 Rd5 45. Qb6 Kh7 46. Rf2 Qg3 47. Qb4 Rc8 48. Rd1 Rb8 49. Qe1 Rbd8 50. Rfd2 Qg5 51. Qf2 e5 52. h4 Qg4 53. h5 Bxh5 54. Bc2+ e4 55. Re1 Bg6 56. Qe3 f5 57. Rf1 Rf8 58. g3 Rfd8 59. Bb3 R5d6 60. Bc4 Bh5 61. Kh2 Qg6 62. Rf4 Bg4 63. Kg1 Bf3 64. Kf2 Qf6 65. d5 g5 66. Rxf3 exf3 67. Kxf3 Rf8 68. Re2 Rf7 69. a4 Qg6 70. Qe5 h5 71. Rh2 Rf8 72. Bb5 Rdf6 73. Ke2 Kg8 74. Kd2 Rd8 75. Re2 Rfd6 76. Bc4 Qf7 77. Ke1 Kh7 78. b3 Kg6 79. Kf2 Rf6 80. Qe7 Qxe7 81. Rxe7 Kh6 82. a5 f4 83. a6 fxg3+ 84. Kxg3 g4 85. Re6 Kg5 86. Re5+ Rf5 87. Re6 h4+ 88. Kg2 h3+ 89. Kg3 Rf3+ 90. Kh2 Rf2+ 91. Kg1 h2+ 92. Kh1 g3 93. Re1 Kg4 94. d6 Rxd6 95. Bf1 Rxf1+ 96. Rxf1 Kh3 0-1

[Event "British Columbia-ch"]
[Site "Burnaby CAN"]
[Date "2011.10.09"]
[Round "5.2"]
[White "Yoos, John"]
[Black "Doknjas, John"]
[Result "1-0"]
[WhiteElo "2417"]
[BlackElo "2075"]
[PlyCount "57"]
[GameId "2160767909648062"]
[EventDate "2011.10.07"]
[EventType "tourn"]
[EventRounds "7"]
[EventCountry "CAN"]
[SourceTitle "EXT 2022"]
[Source "ChessBase"]
[SourceDate "2021.10.06"]
[SourceVersion "1"]
[SourceVersionDate "2021.10.06"]
[SourceQuality "1"]

1. e4 c5 2. Nf3 d6 3. d4 cxd4 4. Nxd4 Nf6 5. Nc3 a6 6. Bg5 e6 7. f4 Qb6 8. Qd2 Nc6 9. Bxf6 gxf6 10. Nb3 Bd7 11. O-O-O O-O-O 12. Kb1 h5 13. Be2 h4 14. Rhf1 Be7 15. Rf3 Rh6 16. Qe1 Kb8 17. Rh3 Rdh8 18. Nd2 Qa5 19. Nc4 Qc7 20. Rhd3 Nb4 21. R3d2 d5 22. exd5 Qxf4 23. Nb6 Qc7 24. d6 Qxb6 25. dxe7 Be8 26. Rd8+ Ka7 27. Nb5+ Bxb5 28. Qxb4 Re8 29. Qf4 1-0

[Event "British Columbia-ch"]
[Site "Burnaby CAN"]
[Date "2011.10.09"]
[Round "5.3"]
[White "Sohal, Tanraj"]
[Black "Pechisker, Alfred"]
[Result "1/2-1/2"]
[WhiteElo "2186"]
[BlackElo "2293"]
[PlyCount "90"]
[GameId "2160767909648063"]
[EventDate "2011.10.07"]
[EventType "tourn"]
[EventRounds "7"]
[EventCountry "CAN"]
[SourceTitle "EXT 2022"]
[Source "ChessBase"]
[SourceDate "2021.10.06"]
[SourceVersion "1"]
[SourceVersionDate "2021.10.06"]
[SourceQuality "1"]

1. d4 Nf6 2. c4 g6 3. Nc3 Bg7 4. e4 d6 5. Nf3 O-O 6. Be2 Nbd7 7. O-O e5 8. d5 Nc5 9. Nd2 a5 10. f3 Ne8 11. Nb3 b6 12. Nxc5 bxc5 13. Be3 f5 14. exf5 gxf5 15. f4 e4 16. Rc1 Qh4 17. Qe1 Qe7 18. Qd2 Bd7 19. a4 Bf6 20. Nb5 Qg7 21. b3 Kh8 22. g3 Qg6 23. Kf2 Bd8 24. Ke1 Nf6 25. Kd1 Ng4 26. Bxg4 Qxg4+ 27. Qe2 Qh3 28. Kc2 Be8 29. Bd2 Bh5 30. Qf2 Bf3 31. Bc3+ Kg8 32. Rce1 h5 33. Re3 Kf7 34. Rfe1 Qg4 35. Na3 Rg8 36. Nb1 h4 37. Nd2 hxg3 38. hxg3 Qxg3 39. Qxg3 Rxg3 40. Nxf3 exf3 41. Rf1 Bf6 42. Rfxf3 Rg2+ 43. Bd2 Bd4 44. Rd3 Re8 45. Rg3 Rf2 1/2-1/2

[Event "British Columbia-ch"]
[Site "Burnaby CAN"]
[Date "2011.10.09"]
[Round "5.4"]
[White "Doroshenko, Maxim"]
[Black "McLaren, Brian"]
[Result "1-0"]
[WhiteElo "2542"]
[BlackElo "2186"]
[PlyCount "75"]
[GameId "2160767909648064"]
[EventDate "2011.10.07"]
[EventType "tourn"]
[EventRounds "7"]
[EventCountry "CAN"]
[SourceTitle "EXT 2022"]
[Source "ChessBase"]
[SourceDate "2021.10.06"]
[SourceVersion "1"]
[SourceVersionDate "2021.10.06"]
[SourceQuality "1"]

1. d4 d5 2. Nf3 c6 3. g3 Bg4 4. Ne5 Bf5 5. Bg2 Nd7 6. Nd3 Ngf6 7. O-O e6 8. b3 Be7 9. Bb2 O-O 10. Nd2 Rc8 11. c4 Bg6 12. Nf4 b5 13. Nxg6 hxg6 14. c5 Nh5 15. b4 a5 16. bxa5 Qxa5 17. Qc2 Ra8 18. e4 Qa4 19. Qd3 Nhf6 20. e5 Ne8 21. Bf3 Nc7 22. Bd1 Qa6 23. h4 Rfb8 24. Kg2 Nf8 25. Rh1 b4 26. Qe3 Nb5 27. h5 Qc8 28. hxg6 Nxg6 29. Bc2 Na3 30. Bxg6 fxg6 31. Bxa3 Rxa3 32. Nb3 Qf8 33. g4 g5 34. Qd3 Qf4 35. Qh7+ Kf7 36. Qh5+ g6 37. Qh7+ Ke8 38. Qg8+ 1-0

[Event "British Columbia-ch"]
[Site "Burnaby CAN"]
[Date "2011.10.10"]
[Round "6.1"]
[White "Laceste, Loren"]
[Black "McLaren, Brian"]
[Result "1-0"]
[WhiteElo "2158"]
[BlackElo "2186"]
[PlyCount "71"]
[GameId "2160767909648065"]
[EventDate "2011.10.07"]
[EventType "tourn"]
[EventRounds "7"]
[EventCountry "CAN"]
[SourceTitle "EXT 2022"]
[Source "ChessBase"]
[SourceDate "2021.10.06"]
[SourceVersion "1"]
[SourceVersionDate "2021.10.06"]
[SourceQuality "1"]

1. d4 d5 2. c4 e6 3. Nc3 c6 4. e3 f5 5. Nf3 Nf6 6. Qc2 Bd6 7. g3 O-O 8. Bg2 Ne4 9. O-O Bd7 10. Ne1 Be8 11. Ne2 Nd7 12. Nd3 Qe7 13. b3 Bf7 14. Bb2 dxc4 15. bxc4 e5 16. Rab1 Rab8 17. Rfd1 Rfe8 18. a4 Bh5 19. Re1 Ng5 20. dxe5 Nxe5 21. Bxe5 Bxe5 22. f4 Bc7 23. fxg5 Qxe3+ 24. Kh1 Qxg5 25. Nef4 Rxe1+ 26. Rxe1 Bf7 27. c5 h5 28. Ne5 Bxe5 29. Rxe5 g6 30. Bf3 h4 31. Kg2 Rd8 32. Re2 Rd7 33. Qb2 Bc4 34. Re8+ Kf7 35. Qh8 h3+ 36. Kg1 1-0

[Event "British Columbia-ch"]
[Site "Burnaby CAN"]
[Date "2011.10.10"]
[Round "6.2"]
[White "Pechisker, Alfred"]
[Black "Doroshenko, Maxim"]
[Result "0-1"]
[WhiteElo "2293"]
[BlackElo "2542"]
[PlyCount "92"]
[GameId "2160767909648066"]
[EventDate "2011.10.07"]
[EventType "tourn"]
[EventRounds "7"]
[EventCountry "CAN"]
[SourceTitle "EXT 2022"]
[Source "ChessBase"]
[SourceDate "2021.10.06"]
[SourceVersion "1"]
[SourceVersionDate "2021.10.06"]
[SourceQuality "1"]

1. d4 d5 2. c4 c6 3. Nf3 Nf6 4. Nc3 a6 5. a4 e6 6. e3 Nbd7 7. Bd3 dxc4 8. Bxc4 c5 9. O-O Qc7 10. e4 cxd4 11. Qxd4 Bc5 12. Qd3 O-O 13. Bg5 b6 14. Ba2 Bb7 15. Rad1 Ne5 16. Qe2 Ng6 17. Bxf6 gxf6 18. Nd4 Qe5 19. Nb3 Bb4 20. Rd4 a5 21. Qe3 Qf4 22. Re1 Rac8 23. g3 Qg4 24. f3 Qh3 25. Rc1 Ba6 26. Kh1 Ne5 27. Rdd1 Bc4 28. Nd4 Bxc3 29. Bxc4 Bxb2 30. Bf1 Bxc1 31. Rxc1 Qh5 32. Be2 Qg6 33. Nb5 Rb8 34. Rc7 Rfd8 35. Kg2 Rd7 36. Qc3 Rbd8 37. Rxd7 Rxd7 38. Qc2 Kg7 39. Nc7 h5 40. Ne8+ Kh7 41. Qc1 Rd8 42. Bb5 Qh6 43. f4 h4 44. Qc3 hxg3 45. fxe5 Qxh2+ 46. Kf3 Rxe8 0-1

[Event "British Columbia-ch"]
[Site "Burnaby CAN"]
[Date "2011.10.10"]
[Round "6.3"]
[White "Doknjas, John"]
[Black "Sohal, Tanraj"]
[Result "0-1"]
[WhiteElo "2075"]
[BlackElo "2186"]
[PlyCount "98"]
[GameId "2160767909648067"]
[EventDate "2011.10.07"]
[EventType "tourn"]
[EventRounds "7"]
[EventCountry "CAN"]
[SourceTitle "EXT 2022"]
[Source "ChessBase"]
[SourceDate "2021.10.06"]
[SourceVersion "1"]
[SourceVersionDate "2021.10.06"]
[SourceQuality "1"]

1. d4 c5 2. d5 e5 3. c4 d6 4. e4 g6 5. Nc3 Bg7 6. Be2 Ne7 7. Nf3 a6 8. O-O O-O 9. Ne1 f5 10. exf5 gxf5 11. f4 e4 12. Be3 Ng6 13. g3 Qe7 14. Qd2 Nd7 15. Rb1 Nf6 16. b4 b6 17. Na4 Qc7 18. bxc5 bxc5 19. Ng2 h5 20. Rb3 Ng4 21. Bxg4 hxg4 22. Rfb1 Bf6 23. Nb6 Ra7 24. Nxc8 Rxc8 25. Rb6 Bd8 26. Rc6 Qd7 27. Bxc5 Rb7 28. Rxb7 Qxb7 29. Qb4 Qxb4 30. Bxb4 Rxc6 31. dxc6 Bc7 32. Ne3 Ne7 33. Nd5 Nxc6 34. Nxc7 Nxb4 35. a3 Nc2 36. Ne8 Kf7 37. Nxd6+ Ke6 38. c5 Nxa3 39. Kf2 Nc2 40. Ke2 Nd4+ 41. Ke3 Kd5 42. Nb7 Kc6 43. Na5+ Kxc5 44. Nb7+ Kd5 45. Na5 Nc6 46. Nb3 a5 47. Nd2 a4 48. Nb1 Kc4 49. Kd2 Kb3 0-1

[Event "British Columbia-ch"]
[Site "Burnaby CAN"]
[Date "2011.10.10"]
[Round "6.4"]
[White "Gansvind, Valeriya"]
[Black "Yoos, John"]
[Result "1/2-1/2"]
[WhiteElo "2308"]
[BlackElo "2417"]
[PlyCount "91"]
[GameId "2160767909648068"]
[EventDate "2011.10.07"]
[EventType "tourn"]
[EventRounds "7"]
[EventCountry "CAN"]
[SourceTitle "EXT 2022"]
[Source "ChessBase"]
[SourceDate "2021.10.06"]
[SourceVersion "1"]
[SourceVersionDate "2021.10.06"]
[SourceQuality "1"]

1. d4 g6 2. g3 Nf6 3. Bg2 Bg7 4. e4 d6 5. Ne2 O-O 6. O-O Nbd7 7. Nbc3 e5 8. h3 a6 9. a4 Rb8 10. a5 b5 11. axb6 cxb6 12. dxe5 dxe5 13. Bg5 h6 14. Be3 Bb7 15. Nc1 Rc8 16. Nd3 Qe7 17. Qd2 Kh7 18. Rfc1 b5 19. f3 Rfd8 20. Qf2 Bf8 21. h4 Rc4 22. Bf1 Rdc8 23. Ne1 R4c7 24. Bh3 Ra8 25. Nd3 Qe8 26. g4 Bd6 27. Rd1 Qe7 28. g5 Nh5 29. gxh6 Nf4 30. Bxd7 Rxd7 31. Nxf4 exf4 32. Bb6 Be5 33. Rxd7 Qxd7 34. Rd1 Qe6 35. Bd4 Rd8 36. Bxe5 Rxd1+ 37. Nxd1 Qxe5 38. Qb6 Qe7 39. Qd4 f6 40. Nf2 Kxh6 41. Nd3 g5 42. hxg5+ fxg5 43. Qh8+ Qh7 44. Qf6+ Qg6 45. Qh8+ Qh7 46. Qf6+ 1/2-1/2

[Event "British Columbia-ch"]
[Site "Burnaby CAN"]
[Date "2011.10.10"]
[Round "7.1"]
[White "Yoos, John"]
[Black "Laceste, Loren"]
[Result "1/2-1/2"]
[WhiteElo "2417"]
[BlackElo "2158"]
[PlyCount "118"]
[GameId "2160767909648069"]
[EventDate "2011.10.07"]
[EventType "tourn"]
[EventRounds "7"]
[EventCountry "CAN"]
[SourceTitle "EXT 2022"]
[Source "ChessBase"]
[SourceDate "2021.10.06"]
[SourceVersion "1"]
[SourceVersionDate "2021.10.06"]
[SourceQuality "1"]

1. e4 c5 2. Nf3 Nc6 3. d4 cxd4 4. Nxd4 Qb6 5. Nb3 Nf6 6. Nc3 e6 7. Bd3 d6 8. Be3 Qc7 9. f4 Be7 10. Qf3 a6 11. g4 b6 12. g5 Nd7 13. O-O-O Bb7 14. Rhf1 O-O-O 15. Qf2 Kb8 16. Kb1 Rdf8 17. h4 h5 18. Qe2 Nb4 19. f5 Nc5 20. fxe6 fxe6 21. Rxf8+ Bxf8 22. Rf1 g6 23. Bd4 e5 24. Bxc5 dxc5 25. Bc4 b5 26. Bf7 c4 27. Nd2 Bc5 28. a3 Nc6 29. Nd5 Nd4 30. Nxc7 Nxe2 31. Nd5 Bxd5 32. exd5 Nf4 33. Ne4 Bb6 34. Nf6 Kc8 35. d6 Bd8 36. d7+ Kc7 37. Be8 Kd6 38. b3 cxb3 39. cxb3 Rf8 40. Rd1+ Ke6 41. Rc1 Kf5 42. Rc8 Ne6 43. Rc6 Nd4 44. Rxa6 e4 45. Kc1 e3 46. Kd1 e2+ 47. Kd2 Bc7 48. Nd5 Kg4 49. Rf6 Rxf6 50. gxf6 Bg3 51. d8=Q e1=Q+ 52. Kd3 Kf3 53. Kxd4 Bf2+ 54. Kd3 Qb1+ 55. Kc3 Qe1+ 56. Kc2 Qe4+ 57. Kc1 Qe1+ 58. Kc2 Qe4+ 59. Kc1 Qe1+ 1/2-1/2

[Event "British Columbia-ch"]
[Site "Burnaby CAN"]
[Date "2011.10.10"]
[Round "7.2"]
[White "Sohal, Tanraj"]
[Black "Gansvind, Valeriya"]
[Result "1/2-1/2"]
[WhiteElo "2186"]
[BlackElo "2308"]
[PlyCount "38"]
[GameId "2160767909648070"]
[EventDate "2011.10.07"]
[EventType "tourn"]
[EventRounds "7"]
[EventCountry "CAN"]
[SourceTitle "EXT 2022"]
[Source "ChessBase"]
[SourceDate "2021.10.06"]
[SourceVersion "1"]
[SourceVersionDate "2021.10.06"]
[SourceQuality "1"]

1. d4 g6 2. c4 Bg7 3. Nc3 d6 4. e4 c6 5. Be3 a6 6. f3 b5 7. Qd2 Nd7 8. d5 b4 9. dxc6 bxc3 10. cxd7+ Bxd7 11. bxc3 Qa5 12. Bd4 Nf6 13. Bd3 Rc8 14. Ne2 Be6 15. O-O Bxc4 16. Bxc4 Rxc4 17. Qd3 Rc6 18. Rac1 O-O 19. Rfd1 Rfc8 1/2-1/2

[Event "British Columbia-ch"]
[Site "Burnaby CAN"]
[Date "2011.10.10"]
[Round "7.3"]
[White "Doroshenko, Maxim"]
[Black "Doknjas, John"]
[Result "1-0"]
[WhiteElo "2542"]
[BlackElo "2075"]
[PlyCount "85"]
[GameId "2160767909648071"]
[EventDate "2011.10.07"]
[EventType "tourn"]
[EventRounds "7"]
[EventCountry "CAN"]
[SourceTitle "EXT 2022"]
[Source "ChessBase"]
[SourceDate "2021.10.06"]
[SourceVersion "1"]
[SourceVersionDate "2021.10.06"]
[SourceQuality "1"]

1. Nf3 Nf6 2. c4 e6 3. g3 d5 4. d4 c5 5. Bg2 Nc6 6. O-O Be7 7. cxd5 exd5 8. dxc5 Bxc5 9. Bg5 Be6 10. Nc3 d4 11. Bxf6 Qxf6 12. Ne4 Qe7 13. Nfg5 Bb6 14. Nxe6 Qxe6 15. Qd3 h6 16. Qa3 Rd8 17. Nc5 Bxc5 18. Qxc5 Qd6 19. Qb5 Rb8 20. Rfd1 O-O 21. Rd2 Rfd8 22. Rad1 Qe6 23. b3 d3 24. Rxd3 a6 25. Rxd8+ Rxd8 26. Rxd8+ Nxd8 27. Qd5 Qxd5 28. Bxd5 Kf8 29. e4 Ke7 30. f4 Kd6 31. Kf2 f5 32. Ke3 fxe4 33. Kxe4 Kd7 34. g4 Kd6 35. h4 Kd7 36. Ke5 Ke7 37. h5 Kd7 38. g5 Ke7 39. g6 Kd7 40. f5 Ke7 41. b4 Nc6+ 42. Bxc6 bxc6 43. a4 1-0

[Event "British Columbia-ch"]
[Site "Burnaby CAN"]
[Date "2011.10.10"]
[Round "7.4"]
[White "McLaren, Brian"]
[Black "Pechisker, Alfred"]
[Result "1/2-1/2"]
[WhiteElo "2186"]
[BlackElo "2293"]
[PlyCount "99"]
[GameId "2160767909648072"]
[EventDate "2011.10.07"]
[EventType "tourn"]
[EventRounds "7"]
[EventCountry "CAN"]
[SourceTitle "EXT 2022"]
[Source "ChessBase"]
[SourceDate "2021.10.06"]
[SourceVersion "1"]
[SourceVersionDate "2021.10.06"]
[SourceQuality "1"]

1. e4 c5 2. Nc3 Nc6 3. g3 g6 4. Bg2 Bg7 5. d3 Rb8 6. Be3 d6 7. Qd2 b5 8. h3 b4 9. Nd1 e5 10. Ne2 Nge7 11. f4 O-O 12. fxe5 Nxe5 13. Bh6 a5 14. O-O a4 15. Bxg7 Kxg7 16. Ne3 Ba6 17. Rf2 Bb5 18. Nf4 b3 19. axb3 axb3 20. c3 Ra8 21. Rxa8 Qxa8 22. c4 Bc6 23. d4 cxd4 24. Qxd4 Qb8 25. Rd2 Nc8 26. g4 Rd8 27. g5 Rd7 28. Kf1 Qb6 29. Qc3 Qc5 30. Nfd5 Rb7 31. Rd4 Nb6 32. Qd2 Nbxc4 33. Nxc4 Bb5 34. Qf2 Bxc4+ 35. Kg1 Nd7 36. Nf6 Be6 37. Ne8+ Kf8 38. Nxd6 Rc7 39. h4 Qc1+ 40. Bf1 Rc2 41. Qf3 Ne5 42. Qg3 Bg4 43. Nf5 gxf5 44. Rd8+ Ke7 45. Qxe5+ Kxd8 46. Qd6+ Kc8 47. Qa6+ Kc7 48. Qa7+ Kc6 49. Qa8+ Kc7 50. Qa5+ 1/2-1/2

[Event "British Columbia-ch U20"]
[Site "Vancouver CAN"]
[Date "2011.11.12"]
[Round "1.1"]
[White "Xiao, Alice"]
[Black "Sohal, Tanraj"]
[Result "0-1"]
[WhiteElo "1777"]
[BlackElo "2214"]
[PlyCount "84"]
[GameId "2160767909573589"]
[EventDate "2011.11.12"]
[EventType "swiss"]
[EventRounds "5"]
[EventCountry "CAN"]
[SourceTitle "EXT 2022"]
[Source "ChessBase"]
[SourceDate "2021.10.06"]
[SourceVersion "1"]
[SourceVersionDate "2021.10.06"]
[SourceQuality "1"]

1. e4 c5 2. Nf3 Nc6 3. d4 cxd4 4. Nxd4 Nf6 5. Nc3 e5 6. Ndb5 d6 7. Bg5 a6 8. Na3 b5 9. Bxf6 gxf6 10. Nd5 Bg7 11. c3 Ne7 12. Nc2 O-O 13. Nce3 Nxd5 14. Nxd5 f5 15. exf5 Bxf5 16. a4 Be6 17. axb5 axb5 18. Rxa8 Qxa8 19. Nb4 Qe4+ 20. Be2 Qxg2 21. Bf3 Qg5 22. Qd2 Qf5 23. Qd3 Qxd3 24. Nxd3 d5 25. Nc5 Rc8 26. Nxe6 fxe6 27. Bg4 Kf7 28. Rg1 Bh6 29. Ke2 b4 30. Ra1 bxc3 31. bxc3 Rxc3 32. Ra7+ Kf6 33. Rxh7 Bf4 34. h4 e4 35. Rd7 Rc2+ 36. Ke1 Ke5 37. Re7 Rc6 38. Ra7 Rc1+ 39. Ke2 d4 40. Ra5+ Kf6 41. f3 d3+ 42. Kf2 e3+ 0-1